|
|
|
|
| LEADER |
00000cam a2200000 a 4500 |
| 001 |
vtls010303519 |
| 003 |
SK-MaSNL |
| 005 |
20260426005423.0 |
| 008 |
110815s1999 hu a grc 000 edeng |
| 015 |
|
|
|a SNBZSA2012-00757
|
| 020 |
|
|
|a 9630384191 (brož.)
|
| 040 |
|
|
|a SNK
|b slo
|c SNK
|e AACR2
|
| 041 |
0 |
|
|a hun
|a eng
|
| 043 |
|
|
|a ec-----
|a ee-----
|
| 044 |
|
|
|a hu
|c HU
|
| 072 |
|
7 |
|a 72/76
|x Výtvarné umenie
|2 konspekt
|
| 080 |
|
|
|a 72/76
|2 2011
|
| 080 |
|
|
|a (4-191.2)
|2 2011
|
| 080 |
|
|
|a (4‑11)
|2 2011
|
| 080 |
|
|
|a (0:82-4)
|2 2011
|
| 080 |
|
|
|a (083.824)
|2 2011
|
| 245 |
0 |
0 |
|a Rondó
|b [válogatás közép- és kelet-európai művészek alkotásaiból 1999. március 26 - május 16., Kortárs Művészeti Múzeum - Ludwig Múzeum Budapest
|c a katalógust szerkesztette Zólyom Franciska
|
| 246 |
1 |
1 |
|a Rondo
|b [a selection of works by Central and Eastern European artists]
|
| 260 |
|
|
|a Budapest
|b Kortárs Művészeti Múzeum - Ludwig Múzeum
|c 1999
|
| 300 |
|
|
|a 89 s.
|b ilustr. (prevažne fareb.)
|c 24 cm
|
| 546 |
|
|
|a Súbežný názov a text v angličtine
|
| 650 |
0 |
7 |
|a výtvarné umenie
|2 SNKPH
|9 723
|
| 651 |
|
7 |
|a Európa stredná
|2 SNKPHgeo
|9 23970
|
| 651 |
|
7 |
|a Európa východná
|2 SNKPHgeo
|9 167635
|
| 655 |
|
7 |
|a eseje
|2 SNKPH
|9 57030
|
| 655 |
|
7 |
|a katalógy výstav
|2 SNKPH
|9 70445
|
| 700 |
1 |
|
|a Zólyom, Franciska,
|d 1973-
|4 aut
|9 652992
|
| 852 |
|
|
|a Slovenská národná knižnica
|
| 919 |
|
|
|a 963-03-8419-1
|
| 954 |
|
|
|a odborná, vedecká literatúra cudzojazyčná (svetová)
|2 lita
|
| 958 |
|
|
|a RK
|
| 958 |
|
|
|a TL
|
| 958 |
|
|
|a HU
|
| 958 |
|
|
|a ZS
|
| 958 |
|
|
|a OND
|
| 999 |
|
|
|c 1007697
|d 1009627
|
| 952 |
|
|
|a SNK
|b SNK
|y PREZ
|7 0
|p 17A0631728
|o snkOSC 25638
|i snk2011/17337
|8 1
|0 0
|1 0
|4 0
|d 2011-08-15
|l 0
|r 2026-02-24 12:41:20
|w 2026-02-24
|